Multiple-Choice-Stadtquiz Mannheim - Statistiken

Allgemein
  • Dieses Quiz wurde 1.421 mal gespielt
    1.400 seit der letzten Aktualisierung
  • Das Durchschnittsergebnis liegt bei 8 aus 10
Antwortstatistiken
Frage Antwort % Korrekt
In welchem Bundesland liegt Mannheim? Baden-Württemberg
89%
Welches international erfolgreiche IT-Unternehmen wurde 1972 in Mannheim gegründet? SAP
86%
Welche Großstadt liegt direkt auf der gegenüberliegenden Seite des Rheins? Ludwigshafen
85%
Welche Großstadt grenzt im Südosten an Mannheim? Heidelberg
82%
Welcher Fluss fließt - außer dem Rhein - durch Mannheim? Neckar
81%
Wie lautet ein Beiname von Mannheim, der sich aus dem Grundriss der Innenstadt ergibt? Quadratestadt
71%
Weshalb ist Mannheim ein historisch bedeutender Ort für die Automobilindustrie? Weil Carl Benz hier 1886 das erste Automobil erfand
71%
An welche Bundesländer grenzt Mannheim? Rheinland-Pfalz & Hessen
67%
Welches Wahrzeichen Mannheims gilt als zentrales Symbol der Stadt und steht am Friedrichsplatz? Wasserturm
60%
Wie heißt die größte Parkanlage in Mannheim, die einst Planetarium beherbergte und vom Fernmeldeturm überragt wird? Luisenpark
58%
Keine übereinstimmenden Quizze gefunden
Verteilung der Resultate
Anzahl Personen mit jedem Resultat
Perzentil nach korrekt beantworteten Fragen
Ihre Resultats-Entwicklung
Sie haben dieses Quiz seit der letzten Aktualisierung nicht gespielt